Los Comunistas y el movimiento obrero: Perú, 1930-1931 /
Guardat en:
| Autor principal: | |
|---|---|
| Altres autors: | |
| Format: | Text |
| Publicat: |
Lima:
Pontificia Universidad Católica del Perú. Departamento de Ciencias Sociales
|
| Etiquetes: |
Afegir etiqueta
Sense etiquetes, Sigues el primer a etiquetar aquest registre!
|
MARC
| LEADER | 00000 a a2200000 04500 | ||
|---|---|---|---|
| 001 | 16333 | ||
| 003 | |||
| 040 | |||
| 090 | |a 013100 | ||
| 100 | |a Deustua, José | ||
| 245 | |a Los Comunistas y el movimiento obrero: Perú, 1930-1931 / |c José Deustua | ||
| 260 | |a Lima: |b Pontificia Universidad Católica del Perú. Departamento de Ciencias Sociales | ||
| 300 | |a 61 p | ||
| 500 | |a Informe preliminar | ||
| 700 | |a Flores Galindo, Alberto | ||
| 999 | |c 11020 |d 11020 | ||
